Territories Flag Quiz #1 - Statistics

General Stats
  • This quiz has been taken 13 times
  • The average score is 12 of 16
Answer Stats
Picture Answer % Correct
Faroe Islands
92%
Puerto Rico
92%
American Samoa
85%
Christmas Island
85%
Cook Islands
85%
Falkland Islands
85%
Guam
85%
Aruba
77%
Bermuda
77%
Niue
69%
Northern Mariana Islands
69%
Cayman Islands
62%
Curacao
62%
Easter Island
62%
Aland Islands
46%
Sint Maarten
38%
No matching quizzes found
Score Distribution
Percent of People with Each Score
Percentile by Number Answered
Your Score History
You have not taken this quiz